01431nab a22002537a 4500999001500000003000400015005001700019008004100036040000700077100003000084245017700114260007200291300001500363500003900378505022300417505016100640505008900801650002600890650004500916650003200961650003200993773013901025942001301164 c5895d5895OSt20260109235220.0190605e xxu||||| |||| 00| 0 spa d cPJ 96370aLoredo, María Sol10aAnálisis de la responsabilidad civil de las ART desde las facetas preventiva, reparatoria y disuasiva conforme el ordenamiento jurídico argentino /cMaría Sol Loredo. aCiudad Autónoma de Buenos Aires :bThomson Reuters La Ley,c2023. ap. 105-113 aCita: TR LALEY AR/DOC/1345/2023.  aSumario: I. Introducción.— II. La función preventiva de la responsabilidad.— III. La función reparadora de la responsabilidad.— IV. Función disuasiva o punitiva de la responsabilidad.— V. Conclusión.  aFallo comentado: CNTrab., sala IV ~ 02/02/2023 ~ Ferrabone, Enrique c. Obra Social del Personal de Dirección de la Industria Cervecera y Maltera y otros. t¿Te interesa el texto completo? Solicitalo al correo: koha@justierradelfuego.gov.ar 091316aDERECHO LABORAL 095144aASEGURADOR POR RIESGOS DEL TRABAJO 091417aACCIDENTES DE TRABAJO 091467aRESPONSABILIDAD CIVIL0 0271193168dCiudad Autónoma de Buenos Aires : Thomson Reuters La Ley, 1999-2002.tRevista de derecho del trabajo. Nº 4 - Julio 2023 2udccANA